Staaten die an das Rote Meer grenzen - Statistiken

Allgemein
  • Dieses Quiz wurde 110 mal gespielt
  • Das Durchschnittsergebnis liegt bei 7 aus 8
Antwortstatistiken
Länder die an das Rote Meer grenzen % Korrekt
Saudi-Arabien
98%
Ägypten
97%
Israel
94%
Jemen
94%
Eritrea
85%
Jordanien
85%
Dschibuti
83%
Sudan
81%
Keine übereinstimmenden Quizze gefunden
Verteilung der Resultate
Anzahl Personen mit jedem Resultat
Perzentil nach korrekt beantworteten Fragen
Ihre Resultats-Entwicklung
Sie haben dieses Quiz noch nicht gespielt